MARC

Tag First Indicator Second Indicator Subfields
LEADER 00000cam a2200000Ki 4500
001 in00003386830
006 m o d
007 cr cnu---unuuu
008 131117s2013 mnu ob s001 0 eng d
005 20250816210215.6
020 |a 9781461951285  |q (electronic bk.) 
020 |a 1461951283  |q (electronic bk.) 
020 |a 9780816686292  |q (electronic bk.) 
020 |a 0816686297  |q (electronic bk.) 
020 |z 9780816674725 
020 |z 0816674728 
020 |z 9780816674732 
020 |z 0816674736 
024 8 |a 99972151659 
035 |a (NhCcYBP)ebr10797191 
037 |a 22573/ctt4dc76f  |b JSTOR 
040 |a NhCcYBP  |c NhCcYBP  |d UtOrBLW 
043 |a n-us--- 
050 4 |a JV6483  |b .G47 2013 
072 7 |a SOC  |x 007000  |2 bisacsh 
072 7 |a POL003000  |2 bisacsh 
072 7 |a HIS036060  |2 bisacsh 
072 7 |a LAW032000  |2 bisacsh 
082 0 4 |a 325.7309/049  |2 23 
084 |a POL003000  |a HIS036060  |a LAW032000  |2 bisacsh 
100 1 |a Gerken, Christina.  |0 http://id.loc.gov/authorities/names/n2013050335 
245 1 0 |a Model immigrants and undesirable aliens :  |b the cost of immigration reform in the 1990s /  |c Christina Gerken. 
264 1 |a Minneapolis :  |b University of Minnesota Press,  |c 2013. 
300 |a 1 online resource. 
336 |a text  |b txt  |2 rdacontent 
337 |a computer  |b c  |2 rdamedia 
338 |a online resource  |b cr  |2 rdacarrier 
504 |a Includes bibliographical references and index. 
588 0 |a Print version record. 
505 0 |a Cover; Contents; Introduction: Building a Neoliberal Consensus; 1. Exclusionary Acts: A Brief History of U.S. Immigration Laws; 2. Family Values and Moral Obligations: The Logic of Congressional Rhetoric; 3. Dehumanizing the Undocumented: The Legislative Language of Illegality; 4. Manufacturing the Crisis: Encoded Racism in the Daily Press; 5. Entrepreneurial Spirits and Individual Failures: The Neoliberal Human- Interest Story; Conclusion: Legacies of Failed Reform; Acknowledgments; Notes; Bibliography; Index; A; B; C; D; E; F; G; H; I; J; K; L; M; N; O; P; Q; R; S; T; U; V; W; X; Y. 
500 |a Electronic resource. 
651 0 |a United States  |x Emigration and immigration  |x Government policy.  |0 http://id.loc.gov/authorities/subjects/sh2007100021 
651 0 |a United States  |x Emigration and immigration  |x Political asepcts  |x History  |y 20th century. 
650 0 |a Immigrants  |x Government policy  |z United States  |x History  |y 20th century. 
650 0 |a Emigration and immigration law  |z United States  |x History  |y 20th century. 
650 0 |a Immigration enforcement  |z United States  |x History  |y 20th century. 
651 0 |a United States  |x Politics and government  |y 1993-2001.  |0 http://id.loc.gov/authorities/subjects/sh92006372 
655 7 |a Electronic books.  |2 local 
710 2 |a ebrary, Inc.  |0 http://id.loc.gov/authorities/names/no2007088509 
776 1 8 |i Print version:  |a Gerken, Christina.  |t Model immigrants and undesirable aliens  |z 9780816674725  |w (DLC) 2013030778 
856 4 1 |u https://ebookcentral.proquest.com/lib/tamucs/detail.action?docID=1538756  |y Connect to the full text of this electronic book  |t 0 
955 |a YBP purchased DDA e-records 
980 |b 123.75  |g 1 
987 |a ybp11335938 
999 f f |s 87e6d049-67ad-3fec-8ad6-8d812d25c6cb  |i f54aa057-d529-32e7-8c9a-3ea0083b4d42  |t 0 
952 f f |a Texas A&M University  |b College Station  |c Electronic Resources  |d Available Online  |t 0  |e JV6483 .G47 2013  |h Library of Congress classification 
998 f f |a JV6483 .G47 2013  |t 0  |l Available Online